| 000 | 00823nam a2200289Ia 4500 | ||
|---|---|---|---|
| 001 | 52409 | ||
| 005 | 20240114005303.0 | ||
| 007 | ta | ||
| 008 | 100709s2004 g b000 u 903 u | ||
| 020 | _a0-415-32889-6 | ||
| 040 | _aCotton College,Assam | ||
| 041 | _a903 | ||
| 082 |
_a954.04 _bCh 349 Pa |
||
| 100 | _aChakrabarty, Bidyut . | ||
| 245 | 0 |
_aThe Partition Of Bengal And Assam,1932- 1947 / _cBidyut Chakrabarty. _hTextual Documents |
|
| 250 | _aIst Indian ed / | ||
| 260 |
_aNew York : _bRoutledge Curzon , _c2004. |
||
| 300 |
_a278pg ; _c22cm. |
||
| 653 | _aHistory | ||
| 653 | _aDeptt- History | ||
| 653 | _aHistory- Partition Of Bengal | ||
| 653 | _aHistory- Partition Of Bengal | ||
| 653 | _aHistory-Partition Of Assam | ||
| 942 |
_2ddc _cBK |
||
| 999 |
_c52373 _d52373 |
||